000 00984cam a2200217 4500
001 ABS63790
008 000000n2001 000 0 eng u
035 _a(Sirsi) u112172
100 _aSilver, R.
245 _aParty Walls: the importance of serving notice
260 _c2001
490 _aCSM
_bChartered Surveyor Monthly
_v4 April 2001, 34(1)
520 _aDiscusses the benefits of the Party Wall Act 1996 which applies to property owners who wish to make alterations to their premises. Argues the act can be of much assistance to building owners but only if they stand by the requirements of the act. For example in "Louis v Sadiq" building works were undertaken on a terraced house without serving the correct notice which resulted in costly damages being awarded.
590 _aABS
650 _aPARTY WALL ACT 1996
650 _aBUILDING CONTROL
_96222
650 _aLOUIS V SADIQ
650 _aLEHMANN V HERMANN
690 _aBoundary disputes
_96221
942 _n0
999 _c66808
_d66808